000 00809nam a2200241 a 4500
001 BRCA_7915
005 20190320210042.0
008 170214s1964----u--a######---#000-0#eng-#
041 _aeng
044 _au
050 4 _aND1393
_b.G65 1964
245 1 0 _aThe golden age of spanish still-life painting, late 16th through early 19th centuries
_ban exhibition, december 10, 1964- January 26, 1965
_cThe Newark Museum.
260 _aNewark, Nueva Jersey
_bThe Museum
_c1964
300 _a48 p.
_bil., 45 láminas
_c25 cm.
500 _aY218
650 1 4 _aNaturaleza muerta
_919578
650 1 4 _aPinturas españolas
_97789
650 1 4 _aPinturas
_vExposiciones
_911908
650 1 4 _aGalerías y museos
_zEstados Unidos
_97437
710 2 _aNewark Museum (Newark, N. J.)
_919579
902 _aGFM
942 _2lcc
_cB
999 _c7587
_d7587